000 01015nam a2200301 i 4500
003 EG-GICUC
005 20260225205057.0
008 260225s1976 be ||||fr|||| 00| 0 fre d
040 _aEG-GiCUC
_bfre
_cEG-GiCUC
_dEG-GiCUC
_erda
082 0 4 _221
_a341.48
_bBO . I
092 0 4 _221
099 _aLaw1 11 341.48 BO . I 1976
100 1 _aBossuyt, Marc
_eAuteur
245 1 3 _aL'interdiction De La Discrimination Dans Le Droit International Des Droits De L'homme /
_b
_cMarc Bossuyt ; De Georges Abi-saab.
264 1 _aBruxelles :
_bEtablissements Emile Bruylant,
_c1976.
300 _a262pages :
_billustrations,
_c24 cm
336 _2rda content
_atext
337 _2rda media
_aComputer
338 _2rda carrier
_aOnline Resource
504 _a
546 _aTexte en français
650 1 4 _aDroit international public
_2
651 1 _2
700 1 _aAbi-saab, De Georges
_ePréfacier
856 4 0 _uhttps://fll.law.cu.edu.eg/fulltext/bks/B11-08167.pdf
905 _a50
942 _2ddc
_cBK
_e21
_n0
999 _c64227
_d64227